Datum a čas kvízu

26.5 Celkem bodů Celkový počet nahraných bodů na tomto kvízu bez doplňovacích otázek.
6. Pořadí na kvízu Konečné umístění týmu na tomto kvízu.

Zaznamenané odpovědi

# Otázka Odpověď Body Výsledky
1. Ve čtvrtek byly zveřejněny výs... Václav Havel, Václav Klaus, Petr Pavel 0
2. Jeden švýcarský turista se v p... v Mostaru 0
3. Napište jména známého muže a ž... Jeff Bezos, Lauren Sánchez 1
4. Jak se jmenuje nově zvolený ge... Hynek Chudárek 0
5. V Ostravě se konal tradiční at... 400 m překážek 1
6. Jedna z nejúspěšnějších filmov... Zachary Quinto, Leonard Nimoy 0
7. Napište originální anglický ná... The Hangover 0
8. Seřaďte jednotlivé díly filmov... 1A 2B 3C 4D 0
9. Jak se jmenovala dcera Edwarda... A 1
10. Závěrem se podíváme blíže na H... z hadů 1